Name every CFB National Championship winner since 1990 - Statistics

General Stats
  • This quiz has been taken 429 times
  • The average score is 11 of 17
Answers on the Grid
Answers color-coded by a green-red scale on the quiz's grid according to % correct below.
Colorado
Colorado State
Tennessee
Alabama
Michigan State
Arkansas
Kansas
Virginia
Utah State
Villanova
UConn
UMass
Georgia Tech
Nebraska
Michigan
Washington
Miami (FL)
Florida
LSU
Florida State
Texas
Ohio State
USC
UCLA
Clemson
Delaware
Richmond
Georgia
Oklahoma
Missouri
 
Answer Stats
Answer % Correct
Alabama
88%
Ohio State
81%
Clemson
80%
LSU
80%
Georgia
79%
Michigan
75%
Florida
69%
Texas
69%
Florida State
67%
Miami (FL)
67%
USC
67%
Oklahoma
64%
Tennessee
62%
Nebraska
52%
Colorado
41%
Washington
25%
Georgia Tech
19%
No matching quizzes found
Score Distribution
Percent of People with Each Score
Percentile by Number Answered
Your Score History
You have not taken this quiz